MARC details
| 000 -LEADER |
| campo de control de longitud fija |
01809nam a2200421 i 4500 |
| 001 - NÚMERO DE CONTROL |
| campo de control |
162316 |
| 003 - IDENTIFICADOR DE NÚMERO DE CONTROL |
| campo de control |
ES-MaACL |
| 005 - FECHA Y HORA DE LA ÚLTIMA TRANSACCIÓN |
| campo de control |
20251112170643.0 |
| 008 - DATOS DE LONGITUD FIJA--INFORMACIÓN GENERAL |
| campo de control de longitud fija |
041110s1802 fr acf |||| | fre d |
| 040 ## - FUENTE DE CATALOGACIÓN |
| Centro catalogador/agencia de origen |
CAM |
| Lengua de catalogación |
spa |
| Centro/agencia transcriptor |
CAM |
| 100 0# - ENTRADA PRINCIPAL--NOMBRE DE PERSONA |
| Nombre de persona |
Plutarco |
| 9 (RLIN) |
92678 |
| 245 14 - MENCIÓN DEL TÍTULO |
| Título |
Les vies des hommes illustres / |
| Mención de responsabilidad, etc. |
de Plutarque ; traduites du grec par Amyot... ; avec des notes et des observations par MM. Brotier et Vauvilliers ; tome neuvième. |
| 250 ## - MENCION DE EDICION |
| Mención de edición |
Nouvelle éd. |
| Resto de la mención de edición |
rev., corr. et augm. par E. Clavier. |
| 260 ## - PUBLICACIÓN, DISTRIBUCIÓN, ETC. |
| Lugar de publicación, distribución, etc. |
A Paris : |
| Nombre del editor, distribuidor, etc. |
de l'imprimerie de Cussac..., |
| Fecha de publicación, distribución, etc. |
An X [1802] |
| 300 ## - DESCRIPCIÓN FÍSICA |
| Extensión |
[4], 516 p., [2] h. de grab. : |
| Otras características físicas |
il. ; |
| Dimensiones |
8º. |
| 505 8# - NOTA DE CONTENIDO CON FORMATO |
| Nota de contenido con formato |
Contiene : Dion, Marcus Brutus, Aratus, Galba, Othon, Hannibal, Scipion l'Africain |
| 594 ## - Nota al título y mención de responsabilidad |
| Nota al título y mención de responsabilidad |
Tít. en antep. : Oeuvres de Plutarque. |
| 595 ## - |
| -- |
Dato de ed. precede a mención de parte. |
| 596 ## - NOTA AL PIE DE IMPRENTA |
| NOTA AL PIE DE IMPRENTA |
Marca tip. en port. |
| 597 ## - NOTA DE DESCRIPCIÓN FÍSICA |
| NOTA DE DESCRIPCIÓN FÍSICA |
Sign.: []2, A-Z8, 2A-2I8, 2K2. |
| 597 ## - NOTA DE DESCRIPCIÓN FÍSICA |
| NOTA DE DESCRIPCIÓN FÍSICA |
Antep. |
| 599 ## - NOTA A LAS ILUSTRACIONES |
| NOTA A LAS ILUSTRACIONES |
Las h. de grab. calc. alegóricas : "A. Borel inv., 1786, L.M. Halbou sculp.", "Borel inv., Patas sc." |
| 599 ## - NOTA A LAS ILUSTRACIONES |
| NOTA A LAS ILUSTRACIONES |
Las il. xil. retratos. |
| 600 04 - PUNTO DE ACCESO ADICIONAL DE MATERIA--NOMBRE DE PERSONA |
| Nombre de persona |
Dión- |
| Subdivisión general |
Biografías. |
| 9 (RLIN) |
126808 |
| 600 17 - PUNTO DE ACCESO ADICIONAL DE MATERIA--NOMBRE DE PERSONA |
| Nombre de persona |
Bruto, Marco Junio |
| Fuente del encabezamiento o término |
embne |
| 9 (RLIN) |
149936 |
| 600 14 - PUNTO DE ACCESO ADICIONAL DE MATERIA--NOMBRE DE PERSONA |
| Nombre de persona |
Arato de Solos. |
| 9 (RLIN) |
125690 |
| 600 14 - PUNTO DE ACCESO ADICIONAL DE MATERIA--NOMBRE DE PERSONA |
| Nombre de persona |
Galba |
| Títulos y otros términos asociados al nombre |
Emperador de Roma. |
| 9 (RLIN) |
149938 |
| 600 14 - PUNTO DE ACCESO ADICIONAL DE MATERIA--NOMBRE DE PERSONA |
| Nombre de persona |
Otón |
| Títulos y otros términos asociados al nombre |
Emperador de Roma. |
| 9 (RLIN) |
149939 |
| 600 17 - PUNTO DE ACCESO ADICIONAL DE MATERIA--NOMBRE DE PERSONA |
| Nombre de persona |
Escipión, Publio Cornelio, |
| Fechas asociadas al nombre |
235-183 a.C.- |
| Subdivisión de forma |
Biografías |
| Fuente del encabezamiento o término |
|
| 9 (RLIN) |
146722 |
| 600 07 - PUNTO DE ACCESO ADICIONAL DE MATERIA--NOMBRE DE PERSONA |
| Nombre de persona |
Aníbal, |
| Fechas asociadas al nombre |
247-182 a.C. |
| Fuente del encabezamiento o término |
|
| 9 (RLIN) |
165256 |
| 700 1# - ENTRADA AGREGADA--NOMBRE PERSONAL |
| Nombre de persona |
Amyot, Jacques. |
| 9 (RLIN) |
125662 |
| 700 1# - ENTRADA AGREGADA--NOMBRE PERSONAL |
| Nombre de persona |
Brotier, Gabriel, |
| Fechas asociadas al nombre |
1723-1789 |
| 9 (RLIN) |
149971 |
| 700 1# - ENTRADA AGREGADA--NOMBRE PERSONAL |
| Nombre de persona |
Vauvillier, Jean François. |
| 9 (RLIN) |
133573 |
| 700 1# - ENTRADA AGREGADA--NOMBRE PERSONAL |
| Nombre de persona |
Clavier, Etienne, |
| Fechas asociadas al nombre |
1762-1817 |
| 9 (RLIN) |
149972 |
| 740 01 - ENTRADA AGREGADA--TÍTULO RELACIONADO/ANALÍTICO NO CONTROLADO |
| Título relacionado o analítico no controlado |
Oeuvres de Plutarque. |
| 852 ## - LOCALIZACIÓN |
| Ubicación |
ES-MaACL |
| Número de control de estantería |
G-9437 |
| Nota libre |
-- Enc. pasta española |